01149nam a2200193Ia 4500001001000000003001000010008004100020040002500061041001300086100003900099245004400138250001100182260006600193300002800259500026000287501011400547520026000661650003400921L235-7828IT-CnALBA170116s9999||||xx |||||||||||||| ||und|| aIT-CnALBAcIT-CnALBA aITALIANO aSCOTTI-PAGLIARA DOMENICO, CANONICO 0aIL MESE DI MAGGIO. SERMONI E RACCONTI.  a5a ed. aNAPOLIbRONDINELLA E LOFFREDO LIB. ED. c1909 [1° Ed.: n.d.] a468 p. (prefazione: 57) aMESE DI MAGGIO. SALVEZZA DELL'ANIMA. SALVEZZA DEL CORPO. TEMPO. PECCATO MORTALE. CASTIGO DEL PECCATO. MORTE. GIUDIZIO. INFERNO. MALIZIA DEL CRISTIANO. SCANDALO. RISPETTO UMANO. PARADISO. DEVOZIONE A MARIA. PRESENZA DI DIO. DUE PADRONI. RINVIO DELLA CONVER aSocietà San Paolo EM - Piazza San Paolo, 14 - 12051 ALBA (CN) (non commercial uses only) ® Copyright 2017 aMESE DI MAGGIO. SALVEZZA DELL'ANIMA. SALVEZZA DEL CORPO. TEMPO. PECCATO MORTALE. CASTIGO DEL PECCATO. MORTE. GIUDIZIO. INFERNO. MALIZIA DEL CRISTIANO. SCANDALO. RISPETTO UMANO. PARADISO. DEVOZIONE A MARIA. PRESENZA DI DIO. DUE PADRONI. RINVIO DELLA CONVER aMARIA SS. ANGELI SANTI DEMONI